Größte Städte Niedersachsen - Statistiken

Allgemein
  • Dieses Quiz wurde 82 mal gespielt
  • Das Durchschnittsergebnis liegt bei 9 aus 12
Antwortstatistiken
Einwohner Antwort % Korrekt
522.000 Hannover
100%
253.000 Braunschweig
93%
177.000 Oldenburg
92%
167.000 Osnabrück
92%
130.000 Wolfsburg
90%
127.000 Göttingen
81%
105.000 Hildesheim
75%
107.000 Salzgitter
75%
75.000 Lüneburg
67%
78.000 Wilhelmshaven
61%
67.000 Celle
60%
83.000 Delmenhorst
58%
Keine übereinstimmenden Quizze gefunden
Verteilung der Resultate
Anzahl Personen mit jedem Resultat
Perzentil nach korrekt beantworteten Fragen
Ihre Resultats-Entwicklung
Sie haben dieses Quiz noch nicht gespielt